00822nam a2200253 a 450000100060000000300080000600500170001400800410003103500160007203500190008804000320010704100080013908200180014724500750016526000420024030000270028249000480030950400200035765100560037765100690043383000090050270000230051183000340053425274BD-RjUL20211209050845.0140316t1955 enkb b 001 0 eng d aoxf98315262 a(BD-RjUL)25343 aCSGcCSGdEQOdBD-RjULbeng aeng04a942bENG 195500aEnglish historical documents, 500-1042 /cedited by Dorothy Whitelock. aLondon :bEyre & Spottiswoode,c1955. axxiv, 867 p. ;c24 cm.0 aEnglish historical documents ;vv. 500-1042 aIncludes index. 0aGreat BritainxColonieszAmericaxHistoryvSources. 0aUnited StatesxHistoryyColonial period, ca. 1600-1775vSources. 0vv. 91 aWhitelock, Dorothy 0aEnglish historical documents